Taxation : Finance Act 2004 (Record no. 4483)
[ view plain ]
| 000 -LEADER | |
|---|---|
| fixed length control field | 02307nam a2200205 4500 |
| 020 ## - INTERNATIONAL STANDARD BOOK NUMBER | |
| ISBN | 9780273694540 |
| 020 ## - INTERNATIONAL STANDARD BOOK NUMBER | |
| ISBN | 0273694545 |
| 050 ## - CALL NUMBER | |
| Classification number | KD 5359 |
| Item number | .3 |
| 100 ## - AUTHOR | |
| Personal name | Alan Melville |
| 245 ## - TITLE | |
| Title | Taxation : Finance Act 2004 |
| Statement of responsibility, etc | Alan Melville |
| 250 ## - EDITION | |
| Edition statement | 10th ed. |
| 260 ## - PUBLICATION INFORMATION | |
| Place of publication | Harlow : |
| Name of publisher | Financial Times Prentice Hall, |
| Year of publication | 2005 |
| 300 ## - DESCRIPTION | |
| Number of Pages | xiii, 638 p. ; |
| Dimensions | 25 cm |
| 500 ## - NOTES | |
| General note | Includes Index |
| 505 ## - FORMATTED CONTENTS NOTE | |
| Table of Content | PART ONE: INCOME TAX AND NATIONAL INSURANCE <br/>Chapter 1: Introduction to the UK Tax System <br/>Chapter 2: Introduction to Income Tax <br/>Chapter 3: Personal Allowances <br/>Chapter 4: Charges on Income and other Payments <br/>Chapter 5: Income from Property <br/>Chapter 6: Investment Income and Miscellaneous Income <br/>Chapter 7: Income from Employment <br/>Chapter 8: Income from Self-Employment: Computation of Income <br/>Chapter 9: Income from Self-Employment: Basis Periods <br/>Chapter 10: Income from Self-Employment: Capital Allowances Chapter 11: Income from Self-Employment: Trading Losses <br/>Chapter 12: Income from Self-Employment: Partnerships <br/>Chapter 13: Pension Schemes <br/>Chapter 14: Payment of Income Tax, Surcharges, Interest and Penalties <br/>Chapter 15: National Insurance Contributions <br/><br/>PART TWO: CAPITAL GAINS TAX <br/>Chapter 16: Introduction to Capital Gains Tax <br/>Chapter 17: Computation of Gains and Losses <br/>Chapter 18: Chattels and Wasting Assets <br/>Chapter 19: Shares and Securities <br/>(1) 20. Shares and Securities <br/>(2) 21. Principal Private Residences <br/>Chapter 22: CGT Reliefs <br/><br/>PART THREE: CORPORATION TAX <br/>Chapter 23: Introduction to Corporation Tax <br/>Chapter 24: Computation and Payment of the Corporation Tax Liability <br/>Chapter 25: Income Tax and Advance Corporation Tax <br/>Chapter 26: Corporation Tax Losses <br/>Chapter 27: Close Companies and Investment Companies <br/>Chapter 28: Groups of Companies and Reorganisations <br/><br/>PART FOUR: MISCELLANEOUS <br/>Chapter 29: Value Added Tax (1) <br/>Chapter 30: Value Added Tax (2) <br/>Chapter 31: Inheritance Tax <br/>Chapter 32: Overseas Aspects of Taxation Review Questions (Set D) <br/><br/>PART FIVE: ANSWERS Answers to Exercises Answers to Review Questions |
| 650 ## - SUBJECTS | |
| Topical Term | Great Britain. -- Finance Act 2003. |
| General subdivision | Problems, exercises, |
| 650 ## - SUBJECTS | |
| Topical Term | Taxation -- Great Britain |
| General subdivision | Great Britain. -- Finance Act, 2004. |
| 700 ## - OTHER AUTHORS | |
| Personal name | Alan Melville |
| 942 ## - ADDED ENTRY ELEMENTS (KOHA) | |
| Koha item type | Books |
| Withdrawn status | Lost status | Home library | Current library | Shelving location | Date acquired | Full call number | Accession Number | Koha item type | Collection code |
|---|---|---|---|---|---|---|---|---|---|
| Methodist University Library Main | Methodist University Library Main | General Stacks | 09/10/2008 | KD 5359 .3.M49 | 20815 | Books | Reference | ||
| Methodist University Library Main | Methodist University Library Main | General Stacks | 09/10/2008 | KD 5359 .3.M49 | 20816 | Books | Reference | ||
| Methodist University Library Main | Methodist University Library Main | General Stacks | 09/10/2008 | KD 5359 .3.M49 | 20817 | Books | Reference | ||
| Methodist University Library Tema | Methodist University Library Tema | General Stacks | 09/10/2008 | KD 5359 .3 | 20819 | Books | |||
| Methodist University Library Tema | Methodist University Library Tema | General Stacks | 09/10/2008 | KD 5359 .3 | 20818 | Books |